| 000 | 00000nam##2200000za#4500 |
| 001 | 9.681318 |
| 003 | CaOODSP |
| 005 | 20220921140116 |
| 007 | ta |
| 008 | 150407|2001||||xxc||||| f|0| 0 fre|d |
| 020 | |a0-662-85235-4 |
| 040 | |aCaOODSP|bfre |
| 043 | |an-cn--- |
| 086 | 1 |aEn40-610/2000F |
| 110 | 1 |aCanada. |bBureau national de la prévention de la pollution. |
| 245 | 10|aDirectives pour la mise en oeuvre des dispositions relatives aux plans de prévention de la pollution de la partie 4 de la Loi canadienne sur la protection de l'environnement, 1999 (LCPE 1999) |
| 260 | |aOttawa - Ontario : |bEnvironnement Canada. |c2001. |
| 300 | |a50p. en pagination multiple. ; |c28 cm. |
| 500 | |a«La partie 4 de la Loi canadienne sur la protection de l'environnement, 1999 (LCPE, 1999) confère au ministre de l'Environnement le pouvoir d'exiger l'élaboration et l'exécution de plans de prévention de la pollution (plans P2) concernant toutes les substances toxiques régies par la LCPE (substances qui ont été ajoutées à l'annexe 1 de la LCPE).»--Préface. |
| 520 | 3 |aLa partie 4 de la Loi canadienne sur la protection de l'environnement, 1999 (LCPE, 1999) confère au ministre de l'Environnement le pouvoir d'exiger l'élaboration et l'exécution de plans de prévention de la pollution (plans P2) concernant toutes les substances toxiques régies par la LCPE (substances qui ont été ajoutées à l'annexe 1 de la LCPE).--Préface |
| 563 | |aCouverture souple |
| 590 | |a01-09|b2001-03-02 |
| 691 | 07|aLutte contre la pollution|2gcpds |
| 691 | 07|aDroit de l'environnement|2gcpds |
| 691 | 07|aProtection de l'environnement|2gcpds |
| 691 | 07|aProduit toxique|2gcpds |
| 775 | 08|tGuidelines for the implementation of the pollution prevention planning provisions of Part 4 of the Canadian Environmental Protection Act, 1999 (CEPA 1999) |w(CaOODSP)9.647935 |
| 776 | 0#|tDirectives pour la mise en oeuvre des dispositions relatives aux plans de prévention de la pollution de la partie 4 de la Loi canadienne sur la protection de l'environnement, 1999 (LCPE 1999) |w(CaOODSP)9.640288 |